[Event "Regionalliga SO 9495"]
[Site "Bayern"]
[Date "1994.??.??"]
[Round "?.8"]
[White "Holzmann, Max"]
[Black "Schoenecker, Robert"]
[Result "1/2-1/2"]
[WhiteElo "1950"]
[BlackElo "1870"]
[PlyCount "74"]
[EventDate "1994.10.??"]
[EventType "team-tourn"]
[EventRounds "9"]
[EventCountry "GER"]
[SourceTitle "EXT 1999"]
[Source "ChessBase"]
[SourceDate "1998.11.16"]
[SourceVersion "1"]
[SourceVersionDate "1998.11.16"]
[SourceQuality "1"]
[WhiteTeam "Straubing SC"]
[BlackTeam "Freising SK"]
[WhiteTeamCountry "GER"]
[BlackTeamCountry "GER"]

1. d4 e6 2. c4 f5 3. g3 Nf6 4. Nf3 Bb4+ 5. Bd2 Bxd2+ 6. Nbxd2 d6 7. Bg2 0-0 8. 0-0 Nc6 9. e3 e5 10. d5 Ne7 11. Qc2 Qe8 12. b4 Qh5 13. Ne1 g5 14. f3 f4 15. e4 Ng6 16. Nd3 fxg3 17. hxg3 Bh3 18. Rae1 g4 19. Nf2 Bxg2 20. Kxg2 gxf3+ 21. Nxf3 Nxd5 22. Nh3 Ndf4+ 23. gxf4 Nxf4+ 24. Nxf4 Rxf4 25. Nh2 Rh4 26. Kh1 Kh8 27. Rf5 Qh6 28. Qf2 Rg8 29. Rg1 Rxg1+ 30. Kxg1 Qc1+ 31. Kg2 Rf4 32. Rxf4 exf4 33. Qd4+ Kg8 34. Qd5+ Kh8 35. Qd4+ Kg8 36. Qd5+ Kh8 37. Qd4+ Kg8 1/2-1/2